<?xml version="1.0" encoding="UTF-8"?><marc:collection xmlns:marc="http://www.loc.gov/MARC21/slim">
  <marc:record>
    <marc:leader>00000nam  2200000za 4500</marc:leader>
    <marc:controlfield tag="001">9.817005</marc:controlfield>
    <marc:controlfield tag="003">CaOODSP</marc:controlfield>
    <marc:controlfield tag="005">20221107142357</marc:controlfield>
    <marc:controlfield tag="007">cr |||||||||||</marc:controlfield>
    <marc:controlfield tag="008">160506s2016    onc     ob   f000 0 eng d</marc:controlfield>
    <marc:datafield tag="040" ind1=" " ind2=" ">
      <marc:subfield code="a">CaOODSP</marc:subfield>
      <marc:subfield code="b">eng</marc:subfield>
    </marc:datafield>
    <marc:datafield tag="043" ind1=" " ind2=" ">
      <marc:subfield code="a">n-cn---</marc:subfield>
    </marc:datafield>
    <marc:datafield tag="086" ind1="1" ind2=" ">
      <marc:subfield code="a">H113-27/2016-14E-PDF</marc:subfield>
    </marc:datafield>
    <marc:datafield tag="245" ind1="0" ind2="0">
      <marc:subfield code="a">Copper pesticides </marc:subfield>
      <marc:subfield code="h">[electronic resource] : </marc:subfield>
      <marc:subfield code="b">environmental assessment of wood preservative, material preservative and antifouling uses.</marc:subfield>
    </marc:datafield>
    <marc:datafield tag="246" ind1="3" ind2="0">
      <marc:subfield code="a">Environmental assessment of wood preservative, material preservative and antifouling uses</marc:subfield>
    </marc:datafield>
    <marc:datafield tag="260" ind1=" " ind2=" ">
      <marc:subfield code="a">Ottawa : </marc:subfield>
      <marc:subfield code="b">Health Canada, </marc:subfield>
      <marc:subfield code="c">2016.</marc:subfield>
    </marc:datafield>
    <marc:datafield tag="300" ind1=" " ind2=" ">
      <marc:subfield code="a">25 p.</marc:subfield>
    </marc:datafield>
    <marc:datafield tag="490" ind1="1" ind2=" ">
      <marc:subfield code="a">Proposed re-evaluation decision, </marc:subfield>
      <marc:subfield code="x">1925-0967 ; </marc:subfield>
      <marc:subfield code="v">PRVD2016-14</marc:subfield>
    </marc:datafield>
    <marc:datafield tag="500" ind1=" " ind2=" ">
      <marc:subfield code="a">Issued also in French under title: Évaluation environnementale des pesticides contenant du cuivre utilisés comme agents de préservation du bois, agents de préservation des matériaux ou revêtements antisalissures.</marc:subfield>
    </marc:datafield>
    <marc:datafield tag="500" ind1=" " ind2=" ">
      <marc:subfield code="a">“02 May 2016.”</marc:subfield>
    </marc:datafield>
    <marc:datafield tag="504" ind1=" " ind2=" ">
      <marc:subfield code="a">Includes bibliographic references.</marc:subfield>
    </marc:datafield>
    <marc:datafield tag="520" ind1=" " ind2=" ">
      <marc:subfield code="a">After the final phase of re-evaluation of the copper pesticides, Health Canada’s Pest Management Regulatory Agency (PMRA), under the authority of the Pest Control Products Act and Regulations, is proposing continued registration of products containing cuprous oxide, copper hydroxide, metallic copper and copper present as mixed copper ethanolamine complexes, for sale and use in Canada. Products containing copper-based active ingredients that are registered for wood preservative, material preservative or antifouling uses, do not present unacceptable risks to the environment when used according to the revised label directions. No additional data are being requested at this time. This proposal affects all end-use products containing cuprous oxide, copper hydroxide, metallic copper and copper present as mixed copper ethanolamine complexes registered in Canada. This Proposed Re-evaluation Decision is a consultation document that summarizes the science evaluation for copper-containing pesticides and presents the reasons for the proposed re-evaluation decision.</marc:subfield>
    </marc:datafield>
    <marc:datafield tag="530" ind1=" " ind2=" ">
      <marc:subfield code="a">Issued also in printed form.</marc:subfield>
    </marc:datafield>
    <marc:datafield tag="692" ind1="0" ind2="7">
      <marc:subfield code="2">gccst</marc:subfield>
      <marc:subfield code="a">Pesticides</marc:subfield>
    </marc:datafield>
    <marc:datafield tag="692" ind1="0" ind2="7">
      <marc:subfield code="2">gccst</marc:subfield>
      <marc:subfield code="a">Safety</marc:subfield>
    </marc:datafield>
    <marc:datafield tag="692" ind1="0" ind2="7">
      <marc:subfield code="2">gccst</marc:subfield>
      <marc:subfield code="a">Assessment</marc:subfield>
    </marc:datafield>
    <marc:datafield tag="710" ind1="1" ind2=" ">
      <marc:subfield code="a">Canada. </marc:subfield>
      <marc:subfield code="b">Pest Management Regulatory Agency.</marc:subfield>
    </marc:datafield>
    <marc:datafield tag="775" ind1="0" ind2="8">
      <marc:subfield code="t">Évaluation environnementale des pesticides contenant du cuivre utilisés comme agents de préservation du bois, agents de préservation des matériaux ou revêtements antisalissures </marc:subfield>
      <marc:subfield code="w">(CaOODSP)9.817006</marc:subfield>
    </marc:datafield>
    <marc:datafield tag="830" ind1="#" ind2="0">
      <marc:subfield code="a">Proposed re-evaluation decision (Canada. Pest Management Regulatory Agency)</marc:subfield>
      <marc:subfield code="x">1925-0967 ; </marc:subfield>
      <marc:subfield code="v">PRVD2016-14</marc:subfield>
      <marc:subfield code="w">(CaOODSP)9.505201</marc:subfield>
    </marc:datafield>
    <marc:datafield tag="856" ind1="4" ind2="0">
      <marc:subfield code="q">PDF</marc:subfield>
      <marc:subfield code="s">189 KB</marc:subfield>
      <marc:subfield code="u">https://publications.gc.ca/collections/collection_2016/sc-hc/H113-27-2016-14-eng.pdf</marc:subfield>
    </marc:datafield>
  </marc:record>
</marc:collection>
